Statistiques concernant Quelle-est cette pâtisserie en images #4

Cliquez ici pour prendre le quiz!

Statistiques générales

  • Ce quiz a été pris 270 fois
  • Le résultat moyen est 6 sur 10

Statistiques - réponses

Réponse% Correct
Madeleine
97%
Crème brûlée
92%
Mousse au chocolat
73%
Flan
71%
Bûche de Noël
67%
Crêpes
67%
Profiteroles au chocolat
57%
Gâteau basque
25%
Carrot cake
15%
Kouign Amann
12%

Distribution des résultats

Percentile par nombre de réponses

% des personnes avec chaque résultat

Votre développement - résultats

Vous n’avez pas pris ce quiz